Paris : Les odonymes se référant à des batailles 3 - Statistiques

Statistiques générales
  • Ce quiz a été pris 7 fois
  • Le résultat moyen est 7 sur 29
Statistiques - réponses
Hint Réponse % Correct
Marignan 1515
75%
Les Thermopyles - 480
75%
Rocroy 1643
50%
Marengo 1800
50%
Wagram 1809
50%
Dardanelles 1915/1916
50%
Tolbiac 496
50%
Alésia - 52
50%
Patay 1429
25%
Dunes 1658
25%
Le Texel 1694*1795
25%
Ulm 1805
25%
Dantzig 1807
25%
Alger 1830
25%
Constantine 1837
25%
Belfort 1870/1871
25%
Gergovie - 52
25%
Port-Mahon 1756
0%
Montenotte 1796
0%
Lübeck 1806
0%
Tanger 1844
0%
Sidi-Brahim 1845
0%
Eupatoria 1854
0%
Solférino 1859
0%
Châteaudun 1870
0%
Villersexel 1871
0%
Senlis 1914
0%
Dixmude 1914
0%
Pont-à-Mousson 1914/1915
0%
Aucun quiz correspondant
Distribution des résultats
% des personnes avec chaque résultat
Percentile par nombre de réponses
Votre historique - résultats
Vous n’avez pas pris ce quiz